000 00276pam a2200121 a 4500
020 _c
041 _aeng
100 _aGandhi.M.K.
245 _aHind Swaraj Or Indian Home Rules
_hTextual Documents
260 _a[s.l]:
_bNavjivan Publishing
300 _a110p.
930 _a15546
999 _c92446
_d92446